书目信息 |
| 题名: |
核应急辐射监测
|
|
| 作者: | 王百荣 主编 | |
| 分册: | ||
| 出版信息: | 北京 中国环境出版集团 2021.09 |
|
| 页数: | 14, 144页 | |
| 开本: | 24cm | |
| 丛书名: | ||
| 单 册: | ||
| 中图分类: | X837 | |
| 科图分类: | ||
| 主题词: | 放射性事故--fang she xing shi gu--辐射监测--教材 | |
| 电子资源: | ||
| ISBN: | 978-7-5111-4766-0 | |
| 000 | 00766nam0 2200229 450 | |
| 001 | 011025154638 | |
| 005 | 20221025154638.0 | |
| 010 | @a978-7-5111-4766-0@dCNY65.00 | |
| 100 | @a20201004d2021 em y0chiy0120 ea | |
| 101 | 0 | @achi |
| 102 | @aCN@b110000 | |
| 105 | @aa z 000yy | |
| 106 | @ar | |
| 200 | 1 | @a核应急辐射监测@Ahe ying ji fu she jian ce@f王百荣主编 |
| 210 | @a北京@c中国环境出版集团@d2021.09 | |
| 215 | @a14, 144页@c图@d24cm | |
| 300 | @a中国核应急救援队理论培训系列教材 | |
| 330 | @a本书共六章,内容包括:概述、陆上监测、空中监测、水上监测、表面污染监测、环境样品的采集与分析。 | |
| 606 | 0 | @a放射性事故@Afang she xing shi gu@x辐射监测@j教材 |
| 690 | @aX837@v5 | |
| 701 | 0 | @a王百荣@Awang bai rong@4主编 |
| 905 | @a河南城建学院图书馆@dX837@eW105 | |
| 核应急辐射监测/王百荣主编.-北京:中国环境出版集团,2021.09 |
| 14, 144页:图;24cm |
| 中国核应急救援队理论培训系列教材 |
| ISBN 978-7-5111-4766-0:CNY65.00 |
| 本书共六章,内容包括:概述、陆上监测、空中监测、水上监测、表面污染监测、环境样品的采集与分析。 |
| ● |
| 相关链接 |
|
|
|
正题名:核应急辐射监测
索取号:X837/W105
 
预约/预借
| 序号 | 登录号 | 条形码 | 馆藏地/架位号 | 状态 | 备注 |
| 1 | 1591155 | 215911556 | 自科库501/501自科库 118排1列2层/ [索取号:X837/W105] | 在馆 |